• 首页
  • 本馆介绍
  • 公告通知
  • 最新文献
  • 馆藏检索
  • 电子资源
  • 读者导购
  • 参考咨询
  • 我的图书馆
  • 登录
  • 详细信息显示
  • 放入我的书架
  • 预约/预借图书
  • 作者相关作品
  • 分类相关作品
  • 丛书相关作品
  • 出版社相关作品

书目信息

  • 表格格式
  • 工作单格式
  • 卡片格式
题名:
梁家河
    
 
作者:
分册:  
出版信息: 西安   陕西人民出版社  2018
页数: 167页
开本: 24cm
丛书名:
单 册:
中图分类: I253.7 , K827=76
科图分类:
主题词: 纪实文学--中国--当代
电子资源:
ISBN: 978-7-224-12723-2
000 00809nam0 2200253 450
001 0104562106
005 20180811094502.0
010    @a978-7-224-12723-2@dCNY36.00
100    @a20180811d2018 em y0chiy0120 ea
101 0  @achi
102    @aCN@b610000
105    @aa z 000zd
106    @ar
200 1  @a梁家河@9Liang Jia;Jie He @b专著
210    @a西安@c陕西人民出版社@d2018
215    @a167页@c图,照片@d24cm
330    @a本书用纪实与叙事的手法,系统梳理了习近平在梁家河七年知青岁月的艰苦生活和成长历程以及他回报黄土地、对梁家河乡亲们的深情厚谊。
600  0 @a习近平@f(1953- )@x生平事迹
606 0  @a纪实文学@y中国@z当代
690    @aI253.7@v5
690    @aK827=76@v5
801  0 @aCN@b浙江省新华书店集团公司@c20180508
801  2 @aCN@bOLCC@c20180601
905    @aBZT@dI253.7@e191@f1@sI253.7/191
    
    梁家河.-西安:陕西人民出版社,2018
    167页:图,照片;24cm
    
    
    ISBN 978-7-224-12723-2:CNY36.00
    本书用纪实与叙事的手法,系统梳理了习近平在梁家河七年知青岁月的艰苦生活和成长历程以及他回报黄土地、对梁家河乡亲们的深情厚谊。
●
相关链接 在五车中查询图书 在当当中查询图书 在豆瓣中查询图书


正题名:梁家河     索取号:I253.7/191         预约/预借

序号 登录号 条形码 馆藏地/架位号 状态 备注
1 2000003151   2000003151   旧书回溯/ [索取号:I253.7/191] 在馆    
山东省滨州职业学院图书馆 欢迎您!
大连网信软件有限公司© 版权所有